MDQL
is popping MORE tags! Check the
thread
!
Quizzes
Events
Quiz Creation
Community
Videos
Private Events
Remove Ads
Sign In
Join for FREE
Feedback
Dark Mode
Quiz Categories
Sports
Geography
Music
Movies
Television
Just For Fun
Miscellaneous
History
Literature
Language
Science
Gaming
Entertainment
Religion
Holiday
For Kids
Quiz Lab
Recent
Popular Today
Quiz Kudos Today
Editor Picks
Curator Picks
Quizzes by...
Day
Popularity
Type
Ratings
Length
Year
Community
Subscriptions
Recent Discussions
Orange Saloon
Badges
Playlists
Quests
Create
Leaderboards
Showdown
Live 5
Trivia Bingo
Activity
Puzzle Library
Sporcle Events
Private Events
Virtual Trivia
Globe League
Become a Host
Pub Owners
SporcleCon
Opinionation
Our Games
Videos
Blog
Mobile Apps
Partnerships
Remove Ads and Go Orange
Feedback
History
US Presidents
World Leaders
Politics
Nation
Discovery
War
Decade
Year
Century
Biography
Art
History
US Presidents
World Leaders
Politics
Nation
Discovery
War
Decade
Year
Century
Biography
Art
Random Quiz
Search Sporcle
×
Quiz Lab
Quiz Lab
History
Politics
Type in answers that appear in a list
Type in answers that appear in a list
Classic
Best Score? Go Orange.
House of Representatives - California Stats
Can you name the current members of the House of Representatives from California?
By
Booster_Gold
11m
53 Questions
80 Plays
80 Plays
80 Plays
Comments
Comments
Give Quiz Kudos
Give Quiz Kudos
-
- Ratings
hide this ad
Replay
Link that replays current quiz
Next Quiz
Link to next quiz in quiz playlist
You Got
0%
They Got
Avg Score
51%
Avg Friend Score
Upgrade to see
Score Distribution
Jump to the score distribution portion of the page
Score
0/53
Timer
11:00
0
Plays Today
District
Name
% Correct
12th
Nancy Pelosi
88.8%
13th
Barbara Lee
77.5%
43rd
Maxine Waters
71.3%
7th
Ami Bera
68.8%
6th
Doris O. Matsui
67.5%
1st
Doug LaMalfa
66.3%
17th
Michael M. Honda
66.3%
23rd
Kevin McCarthy
66.3%
49th
Darrell E. Issa
66.3%
5th
Mike Thompson
65%
4th
Tom McClintock
62.5%
18th
Anna G. Eshoo
62.5%
2nd
Jared Huffman
60%
3rd
John Garamendi
60%
14th
Jackie Speier
60%
15th
Eric Swalwell
60%
19th
Zoe Lofgren
60%
46th
Loretta Sanchez
60%
38th
Linda T. Sanchez
60%
11th
George Miller
58.8%
16th
Jim Costa
58.8%
22nd
Devin Nunes
58.8%
31st
Gary Miller
58.8%
28th
Adam B. Schiff
57.5%
21st
David Valadao
56.3%
30th
Brad Sherman
56.3%
8th
Paul Cook
55%
District
Name
% Correct
9th
Jerry McNerney
53.8%
20th
Sam Farr
53.8%
10th
Jeff Denham
52.5%
53rd
Susan A. Davis
51.3%
33rd
Henry A. Waxman
50%
24th
Lois Capps
47.5%
27th
Judy Chu
46.3%
25th
Buck McKeon
45%
50th
Duncan Hunter
45%
52nd
Scott Peters
42.5%
26th
Julia Brownley
41.3%
29th
Tony Cardenas
38.8%
34th
Xavier Becerra
38.8%
36th
Raul Ruiz
38.8%
41st
Mark Takano
37.5%
39th
Edward R. Royce
36.3%
32nd
Grace F. Napolitano
35%
47th
Alan Lowenthal
35%
51st
Juan Vargas
33.8%
40th
Lucille Roybal-Allard
33.8%
48th
Dana Rohrabacher
33.8%
37th
Karen Bass
33.8%
42nd
Ken Calvert
31.3%
44th
Janice Hahn
31.3%
45th
John Campbell
27.5%
35th
Joe Baca
25%
Quiz Playlist
Details
Report
Send in Message
Add To Playlist
Classic:
Type in answers that appear in a list
Last Updated: Feb 16, 2017
Quiz Scoreboard
CHALLENGE
Sign Up to Join the Scoreboard
Show All
Scores
Hide
Comments
May contain spoilers
Recently Published
Street Fighter Characters
by Artimus82
Gaming
60s
9x9 Crossword: Cartoon Network
by jackfrog10
Miscellaneous
3m
College Basketball Coaching Resumes
by pancakes188
Sports
9m
More to Explore
Quiz From the Vault
Featured Blog Post
Where Did the Easter Bunny Come From?
hide this ad
You Might Also Like...
Tags
Politics Quiz
California
congress
house
House of Representatives
Today's Top Quizzes in History
Browse History
hide this ad
Today's Top Quizzes in Politics
Browse Politics
Top Contributed Quizzes in History
1
Popular People in 1991
2
Popular People in 1981
3
Popular People in 1951
4
Popular People in 1941
5
Popular People in 1986
6
Popular People in 1976
7
Popular People in 1921
8
5-to-1: 20th Century Images of War
9
I Am Born On March 28th
10
Popular People in 1946
Explore More
Trending Topics
Marvel
Kpop
Crossword
Anime
Disney
Harry Potter
NBA
Song
Soccer
WWE
Puzzle
NFL
Country
The Office
Pokémon
hide this ad
More By:
Booster_Gold
Quiz
Plays
Rating
Category
Featured
Created
Pitchfork Readers Choice Top 200 Albums (1996 - 2011)
4,213
4.77
Music
Sep 3, 2012
Unrecognized Countries
2,013
3.72
Geography
Aug 22, 2010
Comic Book Villain by quote
1,610
4.31
Entertainment
Dec 25, 2009
Secret Identities: The Flash
1,064
4.60
Entertainment
Dec 18, 2009
Fallout: New Vegas Quests
1,061
4.71
Gaming
Nov 26, 2010
Go to Creator's Profile
Score Distribution
Quiz Creator Spotlight
Booster_Gold
Follow
Send a Message
Quizzes Created
-
Created Quiz Play Count
-
More By This Creator
Popular Quizzes Today
1
Find the US States - No Outlines Minefield
2
Find the Countries of Europe - No Outlines Minefield
3
The Countries of the World
4
Find the US States
5
Risky Map Clicking: Biggest States A-Z
6
US States
7
Popular People in 1961
8
Movies - When Are They Set?
More History Quizzes
Republican U.S. President Click
Curator's Pick
Trending Quizzes
Risky Map Clicking: Least Populous States A-Z
Countries of the World: 200 Million BC
1-10 Letter G Words
Risky Map Clicking: Next State Alphabetically
Adjectives in 80s TV Shows
Recently Updated
Leaping Animals
pecheneg
Reality TV Shows (A-Z)
bhenderson79
Rickey Henderson's Hall of Fame Teammates
pecheneg
Champions League XIs: Arsenal
pecheneg
Quick Pick: Celebrities in WWE's Hall of Fame
aduchscher
A-Z Keypad Blitz II
pecheneg
Multiple Oscar Actors
pecheneg
Mystery Phrase Blitz: Oscar 'Best Actors'
pecheneg
F. Scott Fitzgerald Novels
LTH
Pick 3 Villains
ddd62291
Trending Topics
Anime
Marvel
NBA
Kpop
Crossword
Disney
Harry Potter
WWE
The Office
Country
Soccer
Puzzle
NFL
Pokémon
Song
Your Account Isn't Verified!
In order to create a playlist on Sporcle, you need to verify the email address you used during registration. Go to your
Sporcle Settings
to finish the process.
Report this User
Report this user for behavior that violates our
Community Guidelines
.
Details:
Send Report
Go to the Sporcle.com Mobile Site →
Comments